000 00601nam a2200193 i 4500
001 96967
003 ES-MaACL
005 20240507215614.0
007 t|
008 050705s1933 fr ||||1| fre d
100 1 _aMansfield, Katherine.
_976116
245 1 0 _aLettres /
_cKatherine Mansfield ; traduit par Madeleine T. Gueritte ; preface de Gabriel Marcel.
260 _aParis :
_b[s.n.],
_c1933 (
_fE. Grevin)
300 _a349 p. ;
_c19 cm.
700 1 _aGuéritte, Madeleine T.
_960471
700 1 _aMarcel, Gabriel,
_d1889-1973
_9156691
852 _aES-MaACL
_jA-3719
999 _c96967
_d96967